000 00371nam a2200145Ia 4500
008 210210b1974 xxu||||| |||| 00| 0 eng d
020 _a0 697 07527 3
082 _a301 BROU
100 _aBROWN COMPANY PUBLISHERS.
245 _aUnderstanding sociology.
260 _aUSA
_bWM C Brown co. publishers
_c1974
300 _ax,63
690 _aSociology
906 _aSG02279
999 _c113555
_d113555